00626cam a2200193 a 45000010005000000030009000050050017000140080041000310200016000720200018000880400038001060820018001441000023001622450090001852600044002753000041003195040051003606500021004111904BD-DhUAP20201212100103.0200301s1998 bg abf b f000 0 eng  a0314068023  a9780314068026 aBD-DhUAPcBD-DhUAPdBD-DhUAPbEng a174.4 LAR223 aLarmer, Robert A.  aEthics in the workplace : bselected readings in business ethics /cRobert A. Larmer. aNew York :bSt. paul, MN West.,cc1996. a610 pages :billustrations ;c25 cm. aIncludes bibliographical references and index. aBusiness ethics.